00583nam a22002057a 450000500170000001000130001702000070003003500130003703700160005004000120006608200110007824500820008926000460017127000430021730000200026050000200028065000340030065000240033470000190035820170124105930.0 aB-059500 c00 aB-059500 bCen Lib/Ret aDPLbEN a327.54 aThe challenge of confidence-building in south asia /cedited by Moonis Ahmar  aNew Delhi bHar-Anand Publications c2001 aD-9, anand niketanbNew Delhi e110021 a440p.c21cm(Hb) aIncludes index  aForeign policies zSouth Asia aPeace and secuirty  aAhmar, Moonis